000 00581nam a2200193 4500
001 144277
003 ES-MaACL
005 20230906201000.0
007 t|
008 070214s1965 sp r ||||1| spa d
100 1 _aSinger, Kurt.
_9106627
245 1 3 _aEl presidente Johnson /
_cKurt Singer, Jane Sherrod ; [traducción de R. B. Costa].
250 _a1ª ed.
260 _aBarcelona :
_bAymá,
_c1965 (
_fTip. Catalana)
300 _a312 p., 12 lám. ;
_c21 cm.
700 1 _aSherrod, Jane.
_9106109
700 1 _aCosta, R. B.
_941075
852 _aES-MaACL
_jC-29100
_bR.59497
999 _c144277
_d144277